Central Library OPAC University of Rajshahi

Food and nutrition research : (Record no. 14126)

MARC details
000 -LEADER
fixed length control field 00943cam a2200277 i 4500
001 - CONTROL NUMBER
control field 14126
003 - CONTROL NUMBER IDENTIFIER
rucl marc code BD-RjUL
005 - DATE AND TIME OF LATEST TRANSACTION
control field 20211208235557.0
008 - FIXED-LENGTH DATA ELEMENTS--GENERAL INFORMATION
fixed length control field 140205s1974 enk f001 0 eng
020 ## - INTERNATIONAL STANDARD BOOK NUMBER
International Standard Book Number 0444998713 (Elsevier) :
035 ## - SYSTEM CONTROL NUMBER
System control number (BD-RjUL)14178
040 ## - CATALOGING SOURCE
Original cataloging agency DLC
Transcribing agency DLC
Modifying agency DLC
-- BD-RjUL
Language of cataloging eng
041 ## - LANGUAGE CODE
Language code of text/sound track or separate title eng
082 00 - DEWEY DECIMAL CLASSIFICATION NUMBER
Classification number 641.1072041
Author mark and year FOO
110 2# - MAIN ENTRY--CORPORATE NAME
Corporate name or jurisdiction name as entry element Joint ARC/MRC Committee on Food and Nutrition Research.
9 (RLIN) 44138
245 10 - TITLE STATEMENT
Title Food and nutrition research :
Remainder of title report of the ARC/MRC committee.
260 ## - PUBLICATION, DISTRIBUTION, ETC. (IMPRINT)
Place of publication, distribution, etc. London :
Name of publisher, distributor, etc. H.M. Stationery Off. ;
Place of publication, distribution, etc. New York :
Name of publisher, distributor, etc. Elsevier Scientific Pub. Co.,
Date of publication, distribution, etc. 1974.
300 ## - PHYSICAL DESCRIPTION
Pagination xv, 211 p. ;
Size 25 cm.
500 ## - GENERAL NOTE
General note At head of title: Agricultural Research Council, Medical Research Council.
General note Includes index.
650 #0 - SUBJECT ADDED ENTRY--TOPICAL TERM
Topical term or geographic name as entry element Nutrition
General subdivision Research
Geographic subdivision Great Britain.
9 (RLIN) 44132
Topical term or geographic name as entry element Food
General subdivision Research.
9 (RLIN) 33287
942 ## - ADDED ENTRY ELEMENTS (KOHA)
Source of classification or shelving scheme Dewey Decimal Classification
Koha item type Books
Holdings
Lost status Source of classification or shelving scheme Damaged status Not for loan Collection code Permanent Location Current Location Shelving location Date acquired Source of acquisition Cost, normal purchase price Total Checkouts Full call number Date last seen Copy number Koha item type
  Dewey Decimal Classification     Non-fiction Central Library, University of Rajshahi Central Library, University of Rajshahi   12/08/1981 Neatherland gift 0.00   641.1072041 FOO 1974 05/02/2014 C-2 Books
  Dewey Decimal Classification   Not For Loan Non-fiction Central Library, University of Rajshahi Central Library, University of Rajshahi Reading Room 15/10/1980 Netheland Gift     641.1072041 FOO 1974 09/02/2014 C-1 Books